After the storms (Record no. 84802)

MARC details
000 -LEADER
fixed length control field 01165cab a22002055a 4500
001 - CONTROL NUMBER
control field L159106
008 - FIXED-LENGTH DATA ELEMENTS--GENERAL INFORMATION
fixed length control field 160129e20160123xxk 000 0 eng d
035 ## - SYSTEM CONTROL NUMBER
System control number (Sirsi) u159106
041 0# - LANGUAGE CODE
Language code of text/sound track or separate title eng
100 1# - MAIN ENTRY--PERSONAL NAME
Personal name Highmore, Sue
245 00 - TITLE STATEMENT
Title After the storms
260 ## - PUBLICATION, DISTRIBUTION, ETC.
Date of publication, distribution, etc. 2016
490 ## - SERIES STATEMENT
Series statement Estates Gazette
Volume/sequential designation (1603) 23 January 2016, 70-72(3)
520 ## - SUMMARY, ETC.
Summary, etc. Highlights the changing landscape of flood insurance with the appearance of Flood Re which will launch in April 2016. Flood Re's purpose is to promote the availability and affordability of flood insurance and is funded by a levy on insurance companies. Points out the limitations of this joint industry/government sponsored scheme and the fact that it offers a valuable safety net of accessible and affordable insurance to only a restricted basket of residential properties. Further mentions the fact that each insurer will decide will decide whether a property is at unacceptable risk for normal cover and rates with some having more sophisticated information than others to do this.
590 ## - LOCAL NOTE (RLIN)
Local note KA
651 #4 - SUBJECT ADDED ENTRY--GEOGRAPHIC NAME
Geographic name United Kingdom
690 ## - LOCAL SUBJECT ADDED ENTRY--TOPICAL TERM (OCLC, RLIN)
Topical term or geographic name as entry element Insurance
9 (RLIN) 6249
690 ## - LOCAL SUBJECT ADDED ENTRY--TOPICAL TERM (OCLC, RLIN)
Topical term or geographic name as entry element Hydrography
9 (RLIN) 6245
942 ## - ADDED ENTRY ELEMENTS (KOHA)
Suppress in OPAC 0
Holdings
Withdrawn status Lost status Source of classification or shelving scheme Damaged status Not for loan Home library Current library Shelving location Date acquired Total Checkouts Full call number Barcode Date last seen Copy number Price effective from Koha item type
    Dewey Decimal Classification     London London Journal article 29/01/2016   L159106 159106-1001 06/08/2019 1 06/08/2019 Journal article